Southville International School and Colleges
Your cart is empty.
  • Cart
  • Lists
    Public lists Eva Luna New books Lux_list list_1
    Your lists Log in to create your own lists
  • Log in to your account
  • Your cookies
  • Search history
Southville International School and Colleges
  • Advanced search
  • Recent comments
  • Most popular
  • Libraries

Log in to your account

Log in with GOOGLE


If you do not have an external account, but do have a local account, you can still log in:

  1. Home
  2. MARC view: Entreprenuership and small firms. /
Normal view MARC view ISBD view

Entreprenuership and small firms. / (Record no. 24363)

[ view plain ]
MARC details
000 -LEADER
fixed length control field 00638nam a2200229 a 4500
005 - DATE AND TIME OF LATEST TRANSACTION
control field 20140310183519.0
008 - FIXED-LENGTH DATA ELEMENTS--GENERAL INFORMATION
fixed length control field 110803s19uu xx 00 eng d
020 ## - INTERNATIONAL STANDARD BOOK NUMBER
International Standard Book Number 9780071288774
050 ## - LIBRARY OF CONGRESS CALL NUMBER
Classification number HD 2346
Item number .D278 2010
100 ## - MAIN ENTRY--PERSONAL NAME
Personal name Deakins, David
245 ## - TITLE STATEMENT
Title Entreprenuership and small firms. /
Remainder of title David Deakins and Mark freel
260 ## - PUBLICATION, DISTRIBUTION, ETC. (IMPRINT)
Place of publication, distribution, etc New York :
Name of publisher, distributor, etc McGraw-Hill,
Date of publication, distribution, etc 2010.
300 ## - PHYSICAL DESCRIPTION
Extent 332 p. :
Other physical details ill. ;
Dimensions 24 cm.
500 ## - GENERAL NOTE
General note Includes index.
521 ## - TARGET AUDIENCE NOTE
Target audience note
650 ## - SUBJECT ADDED ENTRY--TOPICAL TERM
Topical term or geographic name as entry element Entreprenuership
650 ## - SUBJECT ADDED ENTRY--TOPICAL TERM
Topical term or geographic name as entry element Small business management.
700 ## - ADDED ENTRY--PERSONAL NAME
Personal name Freel, Mark
942 ## - ADDED ENTRY ELEMENTS (KOHA)
Koha item type Books
Source of classification or shelving scheme Library of Congress Classification
Call number prefix Foreign
Holdings
Withdrawn status Lost status Source of classification or shelving scheme Damaged status Home library Current library Shelving location Date acquired Total Checkouts Total Renewals Full call number Barcode Date last seen Date checked out Copy number Price effective from Koha item type
    Library of Congress Classification   College Library College Library General Circulation Section 08/03/2011 1 4 HD 2346 .D278 2010 C12137 05/15/2018 11/11/2015 1 10/18/2013 Books
    Library of Congress Classification   College Library College Library General Circulation Section 12/09/2013 1 1 HD 2346 .D278 2010 C12136 05/15/2018 09/05/2017 2 12/09/2013 Books

Entreprenuership and small firms. /

APA

Deakins D., Freel M., . (2010). Entreprenuership and small firms. New York: McGraw-Hill.

Chicago

Deakins David, Freel Mark, . 2010. Entreprenuership and small firms. New York: McGraw-Hill.

Harvard

Deakins D., Freel M., . (2010). Entreprenuership and small firms. New York: McGraw-Hill.

MLA

Deakins David, Freel Mark, . Entreprenuership and small firms. New York: McGraw-Hill. 2010.

  • Place hold
  • Print
  • Cite
  • Add to your cart (remove)
  • Save record
    BIBTEX Dublin Core MARCXML MARC (non-Unicode/MARC-8) MARC (Unicode/UTF-8) MARC (Unicode/UTF-8, Standard) MODS (XML) RIS
  • More searches
    Search for this title in:
    Other Libraries (WorldCat) Other Databases (Google Scholar) Online Stores (Bookfinder.com) Open Library (openlibrary.org)

Exporting to Dublin Core...

SOUTHVILLE LIBRARY

Southville International School and Colleges Library

1281 Tropical Ave. Cor. Luxembourg St., BF Homes International, Las Pinas City

Tel. No. 8256374 / 252358 Loc. 117/146

Powered by Koha